[Event "NATO-ch 33rd"]
[Site "Portoroz"]
[Date "2023.09.05"]
[Round "2"]
[White "Tommasini, Enzo"]
[Black "Woolf, Ben"]
[Result "1-0"]
[WhiteElo "2086"]
[BlackElo "1571"]
[PlyCount "101"]
[EventDate "2023.09.04"]
[EventType "swiss"]
[EventRounds "7"]
[EventCountry "SLO"]
[SourceTitle "EXT 2024"]
[Source "ChessBase"]
[SourceDate "2023.10.10"]
[SourceVersion "1"]
[SourceVersionDate "2023.10.10"]
[SourceQuality "1"]

1. d4 e6 2. Nf3 f5 3. d5 d6 4. dxe6 Bxe6 5. Nd4 Bd7 6. c4 Nc6 7. Nc3 Nf6 8. e3 g6 9. Be2 Bg7 10. 0-0 0-0 11. b3 Nxd4 12. exd4 a6 13. Bf3 Bc6 14. Bb2 Bxf3 15. Qxf3 Rb8 16. Rfe1 Re8 17. h3 c6 18. Rad1 Qc7 19. g4 fxg4 20. hxg4 Rf8 21. Qg3 Qf7 22. Re2 Rbe8 23. Rde1 Rxe2 24. Rxe2 h5 25. g5 Ng4 26. Ne4 d5 27. Nd6 Qf3 28. Qxf3 Rxf3 29. Kg2 Rd3 30. cxd5 cxd5 31. Nxb7 h4 32. f3 Ne3+ 33. Kh3 Nf5 34. Kg4 Bxd4 35. Bxd4 Rxd4+ 36. Kh3 Rb4 37. Nc5 a5 38. Re6 Kg7 39. Nd3 Rd4 40. Ne5 a4 41. Rxg6+ Kh7 42. Rf6 axb3 43. Rxf5 bxa2 44. Rf7+ Kg8 45. Ra7 Rd2 46. Kxh4 d4 47. g6 Rf2 48. Kg5 Rb2 49. f4 Rc2 50. Ng4 Rg2 51. Kf6 1-0

[Event "NATO-ch 31st"]
[Site "Blankenberge"]
[Date "2021.10.15"]
[Round "7.15"]
[White "Kyrge, Kersti"]
[Black "Tommasini, Enzo"]
[Result "0-1"]
[WhiteElo "1844"]
[BlackElo "2111"]
[PlyCount "32"]
[EventDate "2021.10.11"]
[EventType "team-swiss"]
[EventRounds "7"]
[EventCountry "BEL"]
[SourceTitle "CBM 204 Extra"]
[Source "ChessBase"]
[SourceDate "2021.11.30"]
[SourceVersion "1"]
[SourceVersionDate "2021.11.30"]
[SourceQuality "1"]
[WhiteTeam "Estonia"]
[BlackTeam "Italy"]
[WhiteTeamCountry "EST"]
[BlackTeamCountry "ITA"]

1. e4 d6 2. d4 Nf6 3. Nc3 c6 4. f3 b5 5. a3 a6 6. Be3 Nbd7 7. Bd3 e5 8. Nge2 Be7 9. Ng3 g6 10. dxe5 dxe5 11. Qd2 h5 12. Nge2 Nc5 13. 0-0-0 Ne6 14. f4 Ng4 15. f5 Nxe3 16. Qxe3 Bg5 0-1

[Event "NATO-ch 31st"]
[Site "Blankenberge"]
[Date "2021.10.11"]
[Round "1.25"]
[White "Ivbulis, Martins"]
[Black "Tommasini, Enzo"]
[Result "0-1"]
[WhiteElo "1801"]
[BlackElo "2111"]
[PlyCount "64"]
[EventDate "2021.10.11"]
[EventType "team-swiss"]
[EventRounds "7"]
[EventCountry "BEL"]
[SourceTitle "CBM 204 Extra"]
[Source "ChessBase"]
[SourceDate "2021.11.30"]
[SourceVersion "1"]
[SourceVersionDate "2021.11.30"]
[SourceQuality "1"]
[WhiteTeam "Latvia"]
[BlackTeam "Italy"]
[WhiteTeamCountry "LAT"]
[BlackTeamCountry "ITA"]

1. d4 d6 2. Nc3 Nf6 3. e4 c6 4. a4 Qa5 5. Bd2 e5 6. b4 Qc7 7. Nf3 Bg4 8. dxe5 dxe5 9. Rb1 Nbd7 10. h3 Bh5 11. Be2 Be7 12. 0-0 h6 13. Be3 g5 14. Nd2 Bg6 15. a5 Nf8 16. a6 b5 17. Qc1 Ne6 18. Bd3 Nh5 19. Qb2 Nhf4 20. Bxb5 Rb8 21. Bxc6+ Qxc6 22. b5 Qxc3 23. Bxa7 Rd8 24. Be3 Bc5 25. b6 0-0 26. b7 Bxe3 27. Qxc3 Ne2+ 28. Kh1 Nxc3 29. fxe3 Nxb1 30. Rxb1 Nc5 31. a7 Nxb7 32. Nc4 Bxe4 0-1

[Event "NATO-ch 30th"]
[Site "Berlin"]
[Date "2019.09.19"]
[Round "5.17"]
[White "Tommasini, Enzo"]
[Black "Stankowski, Aleksander"]
[Result "1-0"]
[WhiteElo "2147"]
[BlackElo "2022"]
[PlyCount "75"]
[EventDate "2019.09.14"]
[EventType "team-swiss"]
[EventRounds "7"]
[EventCountry "GER"]
[SourceTitle "EXT 2020"]
[Source "ChessBase"]
[SourceDate "2019.10.17"]
[SourceVersion "1"]
[SourceVersionDate "2019.10.17"]
[SourceQuality "1"]
[WhiteTeam "Italy"]
[BlackTeam "NATO V"]
[WhiteTeamCountry "ITA"]

1. Nf3 Nf6 2. c4 g6 3. g3 Bg7 4. Bg2 0-0 5. 0-0 d6 6. d4 Nc6 7. Nc3 e5 8. d5 Ne7 9. e4 Nd7 10. Ne1 f5 11. Nd3 Nf6 12. f3 Nh5 13. Be3 f4 14. Bf2 g5 15. g4 Nf6 16. c5 h5 17. h3 hxg4 18. hxg4 Bd7 19. Rc1 Kf7 20. Qb3 Bxg4 21. fxg4 Qd7 22. cxd6 cxd6 23. Nxe5+ dxe5 24. d6+ Kg6 25. dxe7 Rh8 26. Nd5 Qxg4 27. Qf3 Qd7 28. Rfd1 Nxd5 29. Rxd5 Qxe7 30. Bh3 Rhd8 31. Bf5+ Kf6 32. Qh5 Qf7 33. Qxf7+ Kxf7 34. Rc7+ Kf6 35. Bc5 Rxd5 36. Be7+ Kf7 37. Bxg5+ Kf8 38. exd5 1-0

[Event "NATO-ch 26th"]
[Site "Amsterdam"]
[Date "2015.07.10"]
[Round "7.7"]
[White "Krainski, Slawomir"]
[Black "Tommasini, Enzo"]
[Result "1/2-1/2"]
[WhiteElo "2089"]
[BlackElo "2159"]
[PlyCount "25"]
[EventDate "2015.07.06"]
[EventType "swiss"]
[EventRounds "7"]
[EventCountry "NED"]
[SourceTitle "EXT 2016"]
[Source "ChessBase"]
[SourceDate "2015.10.08"]
[SourceVersion "1"]
[SourceVersionDate "2015.10.08"]
[SourceQuality "1"]
[WhiteTeam "Poland"]
[BlackTeam "Italy"]
[WhiteTeamCountry "POL"]
[BlackTeamCountry "ITA"]

1. d4 e6 2. Bf4 d5 3. e3 Bd6 4. Bg3 Nf6 5. Nd2 c5 6. c3 Nc6 7. Ngf3 Bxg3 8. hxg3 Qd6 9. Bb5 Nd7 10. 0-0 0-0 11. Re1 Rd8 12. c4 b6 13. e4 1/2-1/2

[Event "NATO-ch 26th"]
[Site "Amsterdam"]
[Date "2015.07.09"]
[Round "6.8"]
[White "Tommasini, Enzo"]
[Black "Oltean, Gusztav"]
[Result "1/2-1/2"]
[WhiteElo "2159"]
[BlackElo "2077"]
[PlyCount "77"]
[EventDate "2015.07.06"]
[EventType "swiss"]
[EventRounds "7"]
[EventCountry "NED"]
[SourceTitle "EXT 2016"]
[Source "ChessBase"]
[SourceDate "2015.10.08"]
[SourceVersion "1"]
[SourceVersionDate "2015.10.08"]
[SourceQuality "1"]
[WhiteTeam "Italy"]
[BlackTeam "Hungary"]
[WhiteTeamCountry "ITA"]
[BlackTeamCountry "HUN"]

1. d4 Nf6 2. Nf3 c5 3. e3 cxd4 4. exd4 d5 5. Bd3 Nc6 6. h3 g6 7. 0-0 Bf5 8. Bxf5 gxf5 9. c3 e6 10. Bg5 Be7 11. Nbd2 Ne4 12. Bf4 Bd6 13. Ne5 Nxe5 14. dxe5 Bc5 15. Nb3 Qh4 16. Nxc5 Nxc5 17. Be3 Nd7 18. Qd4 Qxd4 19. Bxd4 Rc8 20. f4 Ke7 21. Kf2 Rhg8 22. Kf3 h5 23. a4 a6 24. a5 Nc5 25. Bxc5+ Rxc5 26. g3 Rc4 27. Rfd1 Rd8 28. Rd3 Rdc8 29. Ra3 Kd7 30. g4 hxg4+ 31. hxg4 fxg4+ 32. Kxg4 Rg8+ 33. Kf3 Rg1 34. Rd4 Rxd4 35. cxd4 Rb1 36. Rb3 Kc7 37. Kg4 Rd1 38. Rb4 Rg1+ 39. Kh4 1/2-1/2

[Event "NATO-ch 26th"]
[Site "Amsterdam"]
[Date "2015.07.08"]
[Round "4.12"]
[White "Tommasini, Enzo"]
[Black "Tucker, David Sidney"]
[Result "1-0"]
[WhiteElo "2159"]
[BlackElo "2042"]
[PlyCount "135"]
[EventDate "2015.07.06"]
[EventType "swiss"]
[EventRounds "7"]
[EventCountry "NED"]
[SourceTitle "EXT 2016"]
[Source "ChessBase"]
[SourceDate "2015.10.08"]
[SourceVersion "1"]
[SourceVersionDate "2015.10.08"]
[SourceQuality "1"]
[WhiteTeam "Italy"]
[BlackTeam "Great Britain"]
[WhiteTeamCountry "ITA"]
[BlackTeamCountry "GBR"]

1. d4 Nf6 2. Nf3 g6 3. g3 Bg7 4. Bg2 0-0 5. 0-0 d5 6. c4 c6 7. Nc3 Bf5 8. Ne5 Ne4 9. cxd5 Nxc3 10. bxc3 cxd5 11. Qb3 Nc6 12. f4 Be6 13. Qxb7 Na5 14. Qa6 Qb6 15. Qxb6 axb6 16. Ba3 Ra7 17. Bb4 Bxe5 18. fxe5 Nc4 19. a3 Rfa8 20. Ra2 Ne3 21. Rc1 Nxg2 22. Kxg2 Kf8 23. Kf3 Bd7 24. g4 b5 25. e3 Ra6 26. h4 f5 27. g5 Be8 28. Kf4 R8a7 29. Bc5 Ra8 30. Rh1 Kf7 31. h5 Ke6 32. hxg6 Bxg6 33. Rb1 Rb8 34. a4 Be8 35. Rh2 Bg6 36. axb5 Ra4 37. b6 Rb7 38. Rbb2 Kd7 39. Ra2 Rxa2 40. Rxa2 e6 41. c4 dxc4 42. Rc2 Bh5 43. Rxc4 Be2 44. Rc2 Bd3 45. Ra2 Be4 46. Rh2 Ke8 47. Kg3 Rg7 48. Kf4 Bd5 49. Rh6 Rf7 50. g6 hxg6 51. Rh8+ Kd7 52. Kg5 Kc6 53. Kxg6 Rd7 54. Kf6 Kb7 55. Kg6 Kc6 56. Rb8 Rb7 57. Re8 Kd7 58. Kf7 Bc4 59. Bd6 Rxb6 60. Re7+ Kc6 61. Rc7+ Kd5 62. Rc5+ Ke4 63. Rxc4 Kxe3 64. Kxe6 f4 65. d5 f3 66. Kd7 Kd3 67. Rf4 Ke2 68. Bc5 1-0

[Event "NATO-ch 26th"]
[Site "Amsterdam"]
[Date "2015.07.07"]
[Round "3.12"]
[White "Farrell, John F"]
[Black "Tommasini, Enzo"]
[Result "1/2-1/2"]
[WhiteElo "2054"]
[BlackElo "2159"]
[PlyCount "61"]
[EventDate "2015.07.06"]
[EventType "swiss"]
[EventRounds "7"]
[EventCountry "NED"]
[SourceTitle "EXT 2016"]
[Source "ChessBase"]
[SourceDate "2015.10.08"]
[SourceVersion "1"]
[SourceVersionDate "2015.10.08"]
[SourceQuality "1"]
[WhiteTeam "United States"]
[BlackTeam "Italy"]
[WhiteTeamCountry "USA"]
[BlackTeamCountry "ITA"]

1. c4 e6 2. Nf3 d5 3. d4 c6 4. Nc3 Nf6 5. Bg5 h6 6. Bxf6 Qxf6 7. e3 Bd6 8. Bd3 Nd7 9. cxd5 exd5 10. 0-0 0-0 11. e4 dxe4 12. Nxe4 Qe7 13. Re1 Nf6 14. Ng3 Qc7 15. Rc1 Bg4 16. Bb1 Bxg3 17. hxg3 Rad8 18. Qd3 Bxf3 19. gxf3 Rd6 20. Rcd1 Rfd8 21. Qe3 Re6 22. Qd3 Red6 23. Qe3 Re6 24. Qd3 Rxe1+ 25. Rxe1 Qd6 26. Rd1 g6 27. Qb3 Kg7 28. Qxb7 Rb8 29. Qxa7 Rxb2 30. Qc5 Qd7 31. Qe5 1/2-1/2

[Event "Porto Mannu op 7th"]
[Site "Porto Mannu"]
[Date "2015.06.13"]
[Round "9"]
[White "Glienke, Manfred"]
[Black "Tommasini, Enzo"]
[Result "1/2-1/2"]
[WhiteElo "2286"]
[BlackElo "2166"]
[PlyCount "50"]
[EventDate "2015.06.06"]
[EventType "swiss"]
[EventRounds "9"]
[EventCountry "ITA"]
[SourceTitle "CBM 166 Extra"]
[Source "ChessBase"]
[SourceDate "2015.06.18"]
[SourceVersion "1"]
[SourceVersionDate "2015.06.18"]
[SourceQuality "1"]

1. c4 e6 2. d4 d5 3. Nf3 c6 4. Qc2 Nf6 5. e3 Nbd7 6. Nc3 Bd6 7. cxd5 exd5 8. Bd3 0-0 9. g4 g6 10. h3 Re8 11. Bd2 Qe7 12. 0-0-0 Ne4 13. Rdf1 Ndf6 14. Kb1 Bd7 15. Bc1 Nxc3+ 16. bxc3 c5 17. dxc5 Bxc5 18. Nd4 Ne4 19. Bxe4 dxe4 20. Rd1 Rac8 21. Bb2 b5 22. Rd2 a6 23. Rhd1 Be6 24. Nxe6 Qxe6 25. Qb3 Qc4 1/2-1/2

[Event "Porto Mannu op 7th"]
[Site "Porto Mannu"]
[Date "2015.06.06"]
[Round "1"]
[White "Tischbierek, Raj"]
[Black "Tommasini, Enzo"]
[Result "1-0"]
[WhiteElo "2442"]
[BlackElo "2166"]
[PlyCount "73"]
[EventDate "2015.06.06"]
[EventType "swiss"]
[EventRounds "9"]
[EventCountry "ITA"]
[SourceTitle "CBM 166 Extra"]
[Source "ChessBase"]
[SourceDate "2015.06.18"]
[SourceVersion "1"]
[SourceVersionDate "2015.06.18"]
[SourceQuality "1"]

1. g3 d5 2. Bg2 c6 3. d4 Nf6 4. c4 e6 5. Nf3 Nbd7 6. 0-0 Bd6 7. Qc2 0-0 8. Rd1 Ne4 9. Nc3 f5 10. Bf4 Bxf4 11. gxf4 Rf6 12. e3 Qe8 13. Ne2 Rh6 14. Ng3 Ndf6 15. Ne5 Bd7 16. b4 Rd8 17. Rdc1 Nxg3 18. fxg3 Ng4 19. Nxg4 fxg4 20. Bf1 Qh5 21. Bd3 Be8 22. a4 Rf6 23. b5 g5 24. Qe2 gxf4 25. exf4 Bg6 26. Bxg6 Qxg6 27. Ra3 dxc4 28. bxc6 bxc6 29. Rxc4 Qb1+ 30. Kg2 Rb8 31. Rac3 Qf5 32. Rc5 Qb1 33. Rxc6 h5 34. Rc8+ Rxc8 35. Rxc8+ Kg7 36. Rc7+ Kh6 37. Qc2 1-0

[Event "Porto Mannu op 6th"]
[Site "Porto Mannu"]
[Date "2014.06.14"]
[Round "9"]
[White "Tommasini, Enzo"]
[Black "Aghayev, Miragha"]
[Result "1/2-1/2"]
[WhiteElo "2169"]
[BlackElo "2370"]
[PlyCount "102"]
[EventDate "2014.06.07"]
[EventType "swiss"]
[EventRounds "9"]
[EventCountry "ITA"]
[SourceTitle "CBM 160 Extra"]
[Source "ChessBase"]
[SourceDate "2014.07.01"]
[SourceVersion "1"]
[SourceVersionDate "2014.07.01"]
[SourceQuality "1"]

1. d4 Nf6 2. Nf3 g6 3. c4 Bg7 4. Nc3 d5 5. Bg5 Ne4 6. Bh4 Nxc3 7. bxc3 dxc4 8. Qa4+ c6 9. Qxc4 Qa5 10. e3 Na6 11. Qb3 Nc5 12. Qb4 Qxb4 13. cxb4 Ne4 14. Bd3 Nd6 15. 0-0 Bf5 16. Bxf5 Nxf5 17. Bg5 h6 18. Bf4 g5 19. Be5 Bxe5 20. Nxe5 Nd6 21. Rfc1 a5 22. a3 Kd8 23. Kf1 f6 24. Nd3 axb4 25. axb4 Kc7 26. Ke2 h5 27. Nc5 Nf5 28. Kd3 g4 29. g3 Nd6 30. e4 e5 31. d5 Rxa1 32. Rxa1 h4 33. dxc6 Kxc6 34. Na4 hxg3 35. hxg3 Nb5 36. Rc1+ Kd6 37. Nb6 Nd4 38. Nc4+ Ke6 39. Ne3 Rd8 40. Rd1 Ra8 41. Rc1 Ra4 42. Nxg4 Rxb4 43. f4 Rb3+ 44. Rc3 Rxc3+ 45. Kxc3 Ne2+ 46. Kc4 Nxg3 47. fxe5 fxe5 48. Nf2 Kd6 49. Kb5 Nxe4 50. Nxe4+ Kd5 51. Ng5 e4 1/2-1/2

[Event "Porto Mannu op 6th"]
[Site "Porto Mannu"]
[Date "2014.06.13"]
[Round "8"]
[White "Depau, Alessandro"]
[Black "Tommasini, Enzo"]
[Result "0-1"]
[WhiteElo "1744"]
[BlackElo "2169"]
[PlyCount "56"]
[EventDate "2014.06.07"]
[EventType "swiss"]
[EventRounds "9"]
[EventCountry "ITA"]
[SourceTitle "CBM 160 Extra"]
[Source "ChessBase"]
[SourceDate "2014.07.01"]
[SourceVersion "1"]
[SourceVersionDate "2014.07.01"]
[SourceQuality "1"]

1. e4 e6 2. Nf3 d5 3. e5 c5 4. b4 cxb4 5. a3 Nc6 6. axb4 Bxb4 7. c3 Be7 8. d4 Bd7 9. Bd3 a6 10. 0-0 b5 11. Ne1 f5 12. g4 g6 13. gxf5 exf5 14. Ng2 Be6 15. Nf4 Kf7 16. Na3 Bxa3 17. Bxa3 Nge7 18. Qf3 Na5 19. Kh1 Nc8 20. Rg1 Nb6 21. Rae1 Nac4 22. Bxf5 Bxf5 23. e6+ Ke8 24. Nxg6 hxg6 25. Rxg6 Qh4 26. Rg8+ Rxg8 27. Qxf5 Ra7 28. Bc5 Rh7 0-1

[Event "Porto Mannu op 5th"]
[Site "Porto Mannu"]
[Date "2013.06.03"]
[Round "3"]
[White "Tommasini, Enzo"]
[Black "Lanzani, Mario"]
[Result "0-1"]
[WhiteElo "2161"]
[BlackElo "2303"]
[PlyCount "106"]
[EventDate "2013.06.01"]
[EventType "swiss"]
[EventRounds "9"]
[EventCountry "ITA"]
[SourceTitle "CBM 154 Extra"]
[Source "ChessBase"]
[SourceDate "2013.06.25"]
[SourceVersion "2"]
[SourceVersionDate "2013.06.25"]
[SourceQuality "1"]

1. d4 Nf6 2. c4 e6 3. g3 c5 4. d5 exd5 5. cxd5 d6 6. Nc3 g6 7. Bg2 Bg7 8. Nf3 0-0 9. 0-0 Na6 10. Nd2 Nc7 11. a4 b6 12. Re1 Ba6 13. Qb3 Nd7 14. h3 f5 15. Nc4 Bxc4 16. Qxc4 a6 17. Bf4 Ne5 18. Bxe5 Bxe5 19. f4 Bg7 20. e4 fxe4 21. Rxe4 b5 22. axb5 axb5 23. Rxa8 bxc4 24. Rxd8 Rxd8 25. Re7 Bd4+ 26. Kh1 Bxc3 27. bxc3 Nb5 28. Bf1 Nxc3 29. Bxc4 Ra8 30. Re6 Ra4 31. Bb3 Rb4 32. Bc2 Rb2 33. Bd3 Rd2 34. Ba6 Rxd5 35. Bc4 Rd1+ 36. Kg2 d5 37. Re3 Rc1 38. Bf1 Kf7 39. g4 Rc2+ 40. Kf3 Ne4 41. Be2 Kf6 42. h4 c4 43. Ra3 Rc3+ 44. Rxc3 Nxc3 45. g5+ Ke7 46. Bf1 Nb5 47. Ke3 d4+ 48. Kd2 Nd6 49. Bg2 Ke6 50. Bh3+ Kd5 51. Bg2+ Kc5 52. Bf3 d3 53. h5 Kd4 0-1

[Event "NATO-ch 22nd"]
[Site "Kaunas"]
[Date "2011.08.12"]
[Round "7"]
[White "Narman, Gokhan"]
[Black "Tommasini, Enzo"]
[Result "1-0"]
[WhiteElo "2057"]
[BlackElo "2154"]
[PlyCount "85"]
[EventDate "2011.08.08"]
[EventType "swiss"]
[EventRounds "7"]
[EventCountry "LTU"]
[SourceTitle "CBM 143 Extra"]
[Source "ChessBase"]
[SourceDate "2011.08.29"]
[SourceVersion "1"]
[SourceVersionDate "2011.08.29"]
[SourceQuality "1"]

1. d4 c5 2. d5 e5 3. c4 d6 4. Nc3 Be7 5. e4 Nf6 6. Bd3 Na6 7. Nge2 Nc7 8. 0-0 0-0 9. f4 exf4 10. Bxf4 Ng4 11. h3 Ne5 12. Ng3 g6 13. Bxe5 dxe5 14. Qe2 Ne8 15. a4 Nd6 16. Nb5 Ne8 17. Qe3 b6 18. Rf3 Bd7 19. Nc3 Nd6 20. Raf1 Bg5 21. Qe2 Qe7 22. b3 Bf4 23. Qc2 h5 24. Nge2 Bg5 25. Ng3 a6 26. Nd1 h4 27. Nh1 b5 28. axb5 axb5 29. Nhf2 bxc4 30. bxc4 Ra3 31. Ne3 Bxe3 32. Rxe3 Qg5 33. Rf3 Rfa8 34. Rb1 Ra2 35. Qd1 Ba4 36. Qf1 Bc2 37. Re1 Kg7 38. Ng4 Bxd3 39. Qxd3 Rd2 40. Qc3 Rd4 41. Ref1 Ra7 42. Qb3 Rb7 43. Qxb7 1-0

[Event "NATO-ch 22nd"]
[Site "Kaunas"]
[Date "2011.08.08"]
[Round "1"]
[White "Tommasini, Enzo"]
[Black "Steffers, Hendrik"]
[Result "1-0"]
[WhiteElo "2154"]
[BlackElo "1959"]
[PlyCount "57"]
[EventDate "2011.08.08"]
[EventType "swiss"]
[EventRounds "7"]
[EventCountry "LTU"]
[SourceTitle "CBM 143 Extra"]
[Source "ChessBase"]
[SourceDate "2011.08.29"]
[SourceVersion "1"]
[SourceVersionDate "2011.08.29"]
[SourceQuality "1"]

1. d4 d5 2. c4 e6 3. Nf3 Nf6 4. g3 c6 5. Bg2 Nbd7 6. Nbd2 Qa5 7. 0-0 Be7 8. Qc2 0-0 9. b3 Re8 10. Bb2 Ba3 11. h3 Bxb2 12. Qxb2 Qc7 13. Rac1 Nf8 14. Ne5 Qe7 15. Rfd1 Bd7 16. e4 dxe4 17. Nxe4 Nxe4 18. Bxe4 Rad8 19. c5 Bc8 20. Nc4 Qg5 21. Nd6 Re7 22. h4 Qg4 23. Re1 Ng6 24. Qe2 Qxe2 25. Rxe2 Red7 26. Bxg6 hxg6 27. b4 b5 28. a4 bxa4 29. Ra2 1-0

[Event "NATO-ch 20th"]
[Site "Hammelburg"]
[Date "2009.06.16"]
[Round "3"]
[White "Mankauskas, Donatas"]
[Black "Tommasini, Enzo"]
[Result "1/2-1/2"]
[WhiteElo "1950"]
[BlackElo "2171"]
[PlyCount "41"]
[EventDate "2009.06.15"]
[EventType "swiss"]
[EventRounds "7"]
[EventCountry "GER"]
[SourceTitle "CBM 130 Extra"]
[Source "ChessBase"]
[SourceDate "2009.07.02"]
[SourceVersion "2"]
[SourceVersionDate "2009.07.15"]
[SourceQuality "1"]

1. e4 e6 2. d4 d5 3. Nd2 dxe4 4. Nxe4 Bd7 5. Nf3 Bc6 6. Qd3 Nd7 7. c3 Be7 8. b4 b6 9. a4 a6 10. Be2 Ngf6 11. Ng3 0-0 12. 0-0 Bb7 13. Qc2 c5 14. dxc5 bxc5 15. Ba3 Qc7 16. b5 axb5 17. axb5 Nb6 18. c4 Ra4 19. Bb2 Bxf3 20. Rxa4 Bxe2 21. Nxe2 1/2-1/2

[Event "NATO-ch 20th"]
[Site "Hammelburg"]
[Date "2009.06.16"]
[Round "2"]
[White "Tommasini, Enzo"]
[Black "Bublys, Vaidotas"]
[Result "1/2-1/2"]
[WhiteElo "2171"]
[BlackElo "1930"]
[PlyCount "127"]
[EventDate "2009.06.15"]
[EventType "swiss"]
[EventRounds "7"]
[EventCountry "GER"]
[SourceTitle "CBM 130 Extra"]
[Source "ChessBase"]
[SourceDate "2009.07.02"]
[SourceVersion "2"]
[SourceVersionDate "2009.07.15"]
[SourceQuality "1"]

1. d4 d5 2. c4 c6 3. Nf3 Nf6 4. Nbd2 e6 5. g3 Bd6 6. Bg2 0-0 7. 0-0 Nbd7 8. Qc2 e5 9. cxd5 cxd5 10. dxe5 Nxe5 11. Nxe5 Bxe5 12. Nf3 Bd6 13. Bg5 h6 14. Be3 Be6 15. Bd4 Rc8 16. Qb3 b6 17. Rad1 Bc5 18. e3 Qe7 19. Rc1 Rfd8 20. Qa4 Qd7 21. Qxd7 Nxd7 22. Bc3 b5 23. Bd4 Bb6 24. Bxb6 Nxb6 25. Nd4 a6 26. h3 Rxc1 27. Rxc1 Rc8 28. Rxc8+ Bxc8 29. b3 Bb7 30. Kf1 Kf8 31. Ke2 Nd7 32. Kd2 Nc5 33. b4 Nd7 34. Nb3 Nb6 35. Kd3 Ke7 36. Nc5 Bc8 37. Kd4 Kd6 38. g4 Kc6 39. Nd3 Kd6 40. f4 g6 41. Nc5 g5 42. f5 f6 43. e4 dxe4 44. Nxe4+ Ke7 45. Kc5 Nd7+ 46. Kc6 Ne5+ 47. Kc7 Bd7 48. Nc5 Be8 49. Nxa6 Nc4 50. Nb8 h5 51. Nc6+ Kf8 52. Nd4 hxg4 53. hxg4 Ne5 54. Bf1 Nxg4 55. Bxb5 Bxb5 56. Nxb5 Ne3 57. Nd4 Nd5+ 58. Kd6 Nxb4 59. a4 g4 60. Ne6+ Kg8 61. a5 Na6 62. Ke7 g3 63. Nf4 Kg7 64. Ke6 1/2-1/2

[Event "NATO-ch 16th"]
[Site "Kolobrzeg"]
[Date "2005.08.27"]
[Round "7"]
[White "Tommasini, Enzo"]
[Black "Cuadrado Lopez, Francisco Javier"]
[Result "1-0"]
[WhiteElo "2147"]
[BlackElo "1975"]
[PlyCount "105"]
[EventDate "2005.08.21"]
[EventType "swiss"]
[EventRounds "7"]
[EventCountry "POL"]
[SourceTitle "CBM 108 Extra"]
[Source "ChessBase"]
[SourceDate "2005.11.04"]
[SourceVersion "1"]
[SourceVersionDate "2005.11.04"]
[SourceQuality "1"]

1. d4 Nf6 2. c4 e6 3. g3 d5 4. Bg2 c6 5. Nf3 Bd6 6. Nbd2 0-0 7. 0-0 Nbd7 8. Qc2 Re8 9. e4 dxe4 10. Ng5 h6 11. Ndxe4 Bf8 12. Nf3 Nxe4 13. Qxe4 Nf6 14. Qe2 c5 15. Rd1 Qb6 16. Be3 Ng4 17. dxc5 Bxc5 18. Bxc5 Qxc5 19. h3 Nf6 20. Ne5 Rb8 21. a3 a5 22. b3 Qe7 23. Qd2 Qc7 24. Qd6 Qxd6 25. Rxd6 Kf8 26. Rad1 Ng8 27. c5 f6 28. Nc4 Ne7 29. Nxa5 Nd5 30. Nc4 Ke7 31. Re1 Nc7 32. Nb6 Kf7 33. b4 Nb5 34. Nxc8 Rbxc8 35. Rd7+ Re7 36. Rxe7+ Kxe7 37. Bxb7 Rc7 38. Bd5 e5 39. a4 Nd4 40. Kf1 Rd7 41. Be4 g5 42. Bb1 Nf3 43. Bf5 Rd4 44. Re3 Nd2+ 45. Ke2 Nc4 46. Rd3 Nb2 47. Rxd4 exd4 48. a5 Kd8 49. f4 Kc7 50. Be4 Kd8 51. g4 Ke7 52. h4 Kd8 53. a6 1-0

[Event "NATO-ch 16th"]
[Site "Kolobrzeg"]
[Date "2005.08.23"]
[Round "2"]
[White "Schenk, Andreas"]
[Black "Tommasini, Enzo"]
[Result "1-0"]
[WhiteElo "2497"]
[BlackElo "2147"]
[PlyCount "39"]
[EventDate "2005.08.21"]
[EventType "swiss"]
[EventRounds "7"]
[EventCountry "POL"]
[SourceTitle "CBM 108 Extra"]
[Source "ChessBase"]
[SourceDate "2005.11.04"]
[SourceVersion "1"]
[SourceVersionDate "2005.11.04"]
[SourceQuality "1"]

1. d4 d5 2. c4 c6 3. Nf3 Nf6 4. Nc3 e6 5. e3 Nbd7 6. Bd3 Bd6 7. e4 dxe4 8. Nxe4 Nxe4 9. Bxe4 Nf6 10. Bc2 c5 11. 0-0 0-0 12. Bg5 h6 13. Bh4 b6 14. Qd3 Re8 15. Ba4 Re7 16. Rad1 Qf8 17. Bc2 g5 18. Bg3 Rd7 19. Ne5 Rd8 20. Qf3 1-0

[Event "NATO-ch 14th"]
[Site "Hoevelte"]
[Date "2003.09.11"]
[Round "6"]
[White "Ekeberg, Carl Fredrik"]
[Black "Tommasini, Enzo"]
[Result "1-0"]
[WhiteElo "2226"]
[BlackElo "2117"]
[PlyCount "83"]
[EventDate "2003.09.08"]
[EventType "swiss"]
[EventRounds "7"]
[EventCountry "DEN"]
[SourceTitle "CBM 096 Extra"]
[Source "ChessBase"]
[SourceDate "2003.10.22"]
[SourceVersion "2"]
[SourceVersionDate "2003.10.20"]
[SourceQuality "1"]

1. Nf3 d5 2. d4 Nf6 3. c4 c6 4. Nc3 e6 5. Bg5 h6 6. Bh4 Nbd7 7. e3 Qa5 8. Qc2 Bb4 9. Nd2 Ne4 10. Ndxe4 dxe4 11. Be2 0-0 12. 0-0 f5 13. f3 exf3 14. Rxf3 Nf6 15. Bxf6 Rxf6 16. e4 e5 17. d5 f4 18. Kh1 Bc5 19. a3 g5 20. Rd3 Qc7 21. Qd1 Kg7 22. b4 Be3 23. h3 h5 24. Bxh5 Rh6 25. Bg4 Bxg4 26. Qxg4 Qd8 27. Rad1 c5 28. bxc5 Bxc5 29. d6 Rh4 30. Qf5 Qf6 31. Qd7+ Kg6 32. Nd5 Qf7 33. Ne7+ Kh5 34. Qxb7 Rg8 35. Qd5 Qxd5 36. Rxd5 Rb8 37. Rxc5 Rb3 38. Nf5 g4 39. Nxh4 Kxh4 40. d7 Kg3 41. d8Q Rf3 42. gxf3 1-0

[Event "NATO-ch 13th"]
[Site "Brest"]
[Date "2002.10.??"]
[Round "6.9"]
[White "Tommasini, Enzo"]
[Black "Cooper, Lawrence"]
[Result "0-1"]
[WhiteElo "2130"]
[BlackElo "2348"]
[PlyCount "114"]
[EventDate "2002.10.07"]
[EventType "swiss"]
[EventRounds "7"]
[EventCountry "FRA"]
[SourceTitle "EXT 2003"]
[Source "ChessBase"]
[SourceDate "2002.11.25"]
[SourceVersion "1"]
[SourceVersionDate "2002.11.25"]
[SourceQuality "1"]

1. d4 Nf6 2. Nf3 d6 3. g3 Bg4 4. Bg2 e6 5. 0-0 Nbd7 6. Nbd2 d5 7. c4 c6 8. b3 Be7 9. Bb2 0-0 10. Ne5 Bf5 11. Ndf3 h6 12. Rc1 Nxe5 13. dxe5 Nd7 14. cxd5 cxd5 15. Nd4 Bh7 16. Bh3 Qb6 17. e3 Rfe8 18. f4 Be4 19. Qe2 Bf8 20. Qb5 Nc5 21. Rfd1 Qd8 22. Qe2 a6 23. Nf3 Qa5 24. Bd4 Rac8 25. Bg2 Nd7 26. Ne1 Bxg2 27. Kxg2 Ba3 28. Bb2 Nc5 29. Bxa3 Qxa3 30. Rc2 Ne4 31. Rd3 Rc5 32. Rxc5 Qxc5 33. Nf3 Rc8 34. Nd4 Qc1 35. Rd1 Qc7 36. Rd3 Qa5 37. h4 Rc1 38. f5 exf5 39. Nxf5 Qc7 40. Nd4 Qxe5 41. Qg4 Nf6 42. Qf3 Qe4 43. Rd2 Ng4 44. Re2 h5 45. Qxe4 dxe4 46. Nf5 Rd1 47. Rc2 g6 48. Rc8+ Kh7 49. Ne7 Nxe3+ 50. Kf2 Ng4+ 51. Ke2 Rd7 52. Ng8 e3 53. Re8 Rd2+ 54. Ke1 Rxa2 55. Ne7 Ne5 56. Nd5 Nf3+ 57. Kd1 Rd2+ 0-1